University Home | Library Home | Institutional Repository

Identification of plant viruses. (Record no. 172552)

MARC details
000 -LEADER
fixed length control field 00678cam2a220024100 4500
001 - CONTROL NUMBER
control field zam00003726
008 - FIXED-LENGTH DATA ELEMENTS--GENERAL INFORMATION
fixed length control field 951128s1990 xx eng u
035 ## - SYSTEM CONTROL NUMBER
System control number (Sirsi) r21045
035 ## - SYSTEM CONTROL NUMBER
System control number (MACHINE)SLC.
100 1# - MAIN ENTRY--PERSONAL NAME
Personal name Noordam, D.
Linkage A82030.1
245 10 - TITLE STATEMENT
Title Identification of plant viruses.
260 ## - PUBLICATION, DISTRIBUTION, ETC.
Date of publication, distribution, etc. 1990.
591 ## -
-- Class code: AGC 634.
591 ## -
-- Course: Nematology and Virology.
591 ## -
-- School: S02.
591 ## -
-- Lecturer: Dr. MBEWE, D.N.
591 ## -
-- Number of Students: 10.
949 ## - LOCAL PROCESSING INFORMATION (OCLC)
a NOO1-IDE
w lcc
m MAIN
t BOOK
l ON-SHELF
949 ## - LOCAL PROCESSING INFORMATION (OCLC)
a NOO1-IDE
w lcc
m MAIN
t BOOK
l ON-SHELF
900 ## - EQUIVALENCE OR CROSS-REFERENCE-PERSONAL NAME [LOCAL, CANADA]
-- MAIN
Field link and sequence number NOO1-IDE
Titles and other words associated with a name 2
909 ## -
-- Book

No items available.

© 2026 - The University of Zambia Library - Koha v25.11